Decreto del Excelentisimo Virrey Conde de Baños, mandando que en estado que estuviere la residencia del señor Diego de Alburquerque, fuese en ella y de la respuesta a dicho decreto y demás autos que de esta razón se hicieron

Detalles Bibliográficos
Otros Autores: Conde de Baños, Diego de Alburquerque
Formato: Libro
Publicado: México, 1661
Materias:
Colección:Banco de datos
Acervo:Biblioteca Palafoxiana. Colección de Manuscritos
Descripción Física:20 f. ; 21.5 x 30 cm.
Tema general:Civil
LEADER 00604nam a22001570004500
035 |a 1178 
245 1 0 |a Decreto del Excelentisimo Virrey Conde de Baños, mandando que en estado que estuviere la residencia del señor Diego de Alburquerque, fuese en ella y de la respuesta a dicho decreto y demás autos que de esta razón se hicieron 
260 |a México, 1661 
300 |a 20 f. ; 21.5 x 30 cm. 
650 1 0 |a Civil 
700 1 |a Conde de Baños 
700 1 |a Diego de Alburquerque 
949 |a 20114/012 
942 |c PALAMANU 
943 |g Biblioteca Palafoxiana. Colección de Manuscritos 
999 |c 1069123  |d 1069123